000 00472pab a2200157 454500
008 180718b2007 xxu||||| |||| 00| 0 eng d
100 _aCappellin, Riccardo
245 _aThe territorial dimension of the knowledge economy: collective learning, spatial changes, and regional and urban policies
260 _c2007
300 _ap.897-921.
362 _aMar
650 _aKnowledge management
773 _aAmerican Behavioral Scientist
908 _aN
909 _a73478
999 _c73478
_d73478